00786nam a2200253 a 4500001001300000003000900013005001700022008004100039020002300080082002100103100002600124245005300150260002700203300000900230500003500239505002200274650002800296650002600324700002600350902000800376942000700384952012400391999001700515nice12345678IN_TiNIC20260116014957.0050524s1987 dela grp 000 0 eng  a0803945 c17500a338.6340954bSIN aSingh, Andrea Menefee aInvisible Handsb Women in Home-Based Production aDelhibSage Pub c1987 a269p aincludes index and biblioraphy2 aAppendixes, Index aCottage Industries-Asia aWomen-Employment-Asia1 aSingh, Andrea Menefee bSRS cBK 001040708StackRoom-aHMIbHMId2007-05-01g175.00l0o338.6340954 SINp11000400r2007-05-01v175.00w2005-05-24yBK c17803d17803